LEADER 01735nam0 22004213i 450 001 VAN00297798 005 20251014023425.870 017 70$2N$a9781489931320 100 $a20250904d1997 |0itac50 ba 101 $aeng 102 $aUS 105 $a|||| ||||| 181 $ai$b e 182 $ab 183 $acr 200 1 $aMarkov Processes for Stochastic Modeling$fMasaaki Kijima 210 $aNew York$cSpringer$cChapman&Hall$d1997 215 $avii, 341 p.$d24 cm 606 $a60-XX$xProbability theory and stochastic processes [MSC 2020]$3VANC020428$2MF 606 $a60J10$xMarkov chains (discrete-time Markov processes on discrete state spaces) [MSC 2020]$3VANC020036$2MF 606 $a60J27$xContinuous-time Markov processes on discrete state spaces [MSC 2020]$3VANC021553$2MF 610 $aAlgebra$9KW:K 610 $aMarkov Chains$9KW:K 610 $aMarkov Processes$9KW:K 610 $aModeling$9KW:K 610 $aParameters$9KW:K 620 $aUS$dNew York$3VANL000011 700 1$aKijima$bMasaaki$3VANV253418$054134 712 $aChapman & Hall $3VANV108038$4650 712 $aSpringer $3VANV108073$4650 801 $aIT$bSOL$c20251017$gRICA 856 4 $uhttps://doi.org/10.1007/978-1-4899-3132-0$zE-book ? Accesso al full-text attraverso riconoscimento IP di Ateneo, proxy e/o Shibboleth 899 $aBIBLIOTECA DEL DIPARTIMENTO DI MATEMATICA E FISICA$1IT-CE0120$2VAN08 912 $fN 912 $aVAN00297798 950 $aBIBLIOTECA DEL DIPARTIMENTO DI MATEMATICA E FISICA$d08DLOAD e-Book 12532 $e08eMF12532 20251006 996 $aMarkov processes for stochastic modeling$9345033 997 $aUNICAMPANIA